000 00884nem a2200241 u 4500
005 20160518115716.0
008 160518b1993 U ||||| |a|| 00| 0 spa d
040 _aCO-BoIAVH
_cCO-BoIAVH
041 _aeng
044 _axxu
090 _aMC-
_b0266
110 1 _aEstados Unidos.
_bDefense Mapping Agency.
_969068
245 1 _aEl Carmen :
_bColombia.
_cpreparado y publicado por Defense Mapping
_h[Material Cartografico]/
255 _a1:100,000
260 _aEstados Unidos :
_bDefense Mapping Agency,
_c1993
300 _a1 mapa :
_bcolor. ;
_c 60 x 76 cm
650 1 6 _aInfraestructura..
_zEl Carmen (Colombia).
_969069
650 1 6 _aGeografĂ­a.
_zEl Carmen(Colombia).
_969070
650 1 6 _a Recursos de la tierra.
_zEl Carmen (Colombia).
_969071
650 1 6 _aCarreteras.
_zEl Carmen (Colombia).
_969072
650 1 6 _aHidrografĂ­a.
_zEl Carmen (Colombia).
_969073
942 _2z
_cMapa
999 _c18625
_d18625